00590 a2200169 4500010001400000020002300014035001300037037001600050082001600066100002200082245008500104260003800189260003300227270008200260300002800342500005000370 aENG-89941 a817824229Xc595.00 aEN-73474 bDBAD / VEN14a304.66609541 aAhluwalia, Sanjam1 aReproductive restraints:cby Sanjam Ahluwaliabbirth control in India 1877-1947/ aNew DelhibPermanent Blackc2008 bOrient Longman (Distributor) a1/24, Asaf Ali Road,bNew Delhie110002mdelgeneral@orientlongman.comcDelhi axii, 251p.c24 cm (Hb) aIncludes bibliographical references & index.